Score 0/23 Timer 03:00
0 Plays Today
Letter Characters % Correct
CCarl, Carol, Candace, Caesar, Crowley, Caleb, Charlie, Chloe, Clara, Christopher, Cyndie, Connie
96.3%
DDaryl, Dale, Dawn, Duane, Donna, Dave, David, Dan, Deanna, Denise, Dwight, Dianne, Daniel, D.J.
94.5%
AAaron, Andrea, Amy, Annette, Arnold, Axel, Andrew, Allen, Alisha, Abraham, Albert, Alex, Ana, Aiden, Andy, Anna, Arat, Amber, Anne, Alvaro, Alden, Alpha, Addy
92.6%
MMichonne, Maggie, Morgan, Merle, Milton, Miranda, Mika, Meghan, Morales, Miguel, Mike, Molly, Mitch, Mary, Ms. McLeod, Michael, Martin, Mikey, Magna, Margo
89.6%
RRick, Randall, Rosita, Rowan, Richard, Ryan, Ross, Reg, Ron, Rachel, Roy, Regina, RJ, Rodney
88.2%
BBeth, Bob, Big Tiny, Betty, Ben, Brady, Billy, Barbara, Bruce, Beatrice, Brion, Bertie, Beta, Brooke
87.7%
GGlenn, Gilbert, Guillermo, Greg, Gargulio, Gaines, Gareth, Gabriel, Gavin, Gary, Gregory, Gina, Gage, Gracie
80.2%
EEugene, Edwin, Ed, Eliza, Eryn, Eileen, Eric, Emily, Enid, Ezekiel, Emmett, Eduardo, Earl
79.7%
SShane, Sophia, Shawn, Sean, Shumpert, Stevens, Sasha, Sam, Spencer, Scott, Sherry, Simon, Siddiq
79.3%
TTyreese, Theodore (T-Dog), Tomas, Tony, Terry, Thomas, Tim, Tara, Tobin, Theresa, Tanya, Tamiel, Tammy
78.4%
LLizzie, Lori, Lambert, Leon, Louis, Luke, Lilly, Len, Lou, Laura, Lydia
75.6%
JJudith, Jacqui, Jim, Jimmy, Jorge, Jeanette, Jody, Julio, Joe, Jenny, Jacobson, Jessie, Jesus, Jared, Joey, Jadis, Jerry, Jose, Jed, Justin
73%
Letter Characters % Correct
HHershel, Haley, Henry, Harley, Howard, Heath
72.3%
PPatricia, Patrick, Paul, Pete, Philip, Penny, Paula, Potter, Percy
60.7%
NNate, Noah, Norris, Nicholas, Negan, Natania, Nora
55.1%
OOtis, Oscar, Owen, Olivia, Ozzy
52.2%
ZZach, Zion
29.5%
KKaren, Kent, Kathy, Kal, Kelly
27.1%
FFelipe, Franklin, Francine, Frankie, Freddie
17.6%
WWarren, Wilson, Welles, Wesley
14.2%
IIsabelle
12.6%
YYago, Yumiko
10.7%
QQuan
6.3%

You're not logged in!

Compare scores with friends on all Sporcle quizzes.
OR
Log In

Sporcle TV

Today on Sporcle TV


Watch our educational content, quiz creation guides, and fun videos on Sporcle TV.

Show Comments

Extras

Top Quizzes Today


Score Distribution

Paid Content

Your Account Isn't Verified!

In order to create a playlist on Sporcle, you need to verify the email address you used during registration. Go to your Sporcle Settings to finish the process.

Report this User

Report this user for behavior that violates our Community Guidelines.

Details: